[Event "Mogi das Cruzes op 09"]
[Site "Mogi das Cruzes"]
[Date "2013.09.28"]
[Round "5"]
[White "Strazzer, Eduardo"]
[Black "Hara, Aroldo Hiroiuqui"]
[Result "0-1"]
[WhiteElo "1302"]
[BlackElo "1884"]
[PlyCount "110"]
[EventDate "2013.09.26"]
[EventType "swiss"]
[EventRounds "7"]
[EventCountry "BRA"]
[SourceTitle "CBM 156 Extra"]
[Source "ChessBase"]
[SourceDate "2013.10.22"]
[SourceVersion "1"]
[SourceVersionDate "2013.10.22"]
[SourceQuality "1"]

1. d4 g6 2. e4 d6 3. c4 Bg7 4. Nf3 Nf6 5. Nc3 c6 6. Bd3 Bg4 7. Be2 0-0 8. h3 Bxf3 9. Bxf3 Nbd7 10. b3 Qb6 11. Bb2 Rad8 12. Qe2 Qa5 13. a3 c5 14. d5 Nxd5 15. b4 Nxc3 16. bxa5 Nxe2 17. Bxg7 Kxg7 18. Kxe2 Rb8 19. Rab1 Ne5 20. Rhc1 Rfc8 21. g4 g5 22. Bg2 Rc6 23. Ke3 Ra6 24. Rb5 Nc6 25. f4 gxf4+ 26. Kxf4 e5+ 27. Ke3 Nd4 28. Rb2 Rxa5 29. Rc3 b5 30. a4 b4 31. Rd3 Rxa4 32. h4 Ra1 33. Bh3 Re1+ 34. Kf2 Rxe4 35. Kg3 a5 36. Bg2 Re2 37. Rb1 a4 38. Rf1 a3 39. Bd5 Rf8 40. g5 a2 41. h5 b3 42. Bf3 Nxf3 43. Rxb3 Nxg5 44. Rb6 Rc2 45. Rxd6 Ne4+ 46. Kg4 Nxd6 47. Kg5 Rxc4 48. Rf6 Ne4+ 49. Kf5 Nxf6 50. Kg5 Ne4+ 51. Kf5 a1Q 52. h6+ Kh8 53. Kg4 Nd6+ 54. Kh5 Qh1+ 55. Kg5 f6# 0-1

[Event "Sao Paulo IRT op 3rd"]
[Site "Sao Paulo"]
[Date "2013.09.07"]
[Round "3"]
[White "Strazzer, Eduardo"]
[Black "Nunes, Marcela Andreia Dia"]
[Result "0-1"]
[WhiteElo "1302"]
[BlackElo "1424"]
[PlyCount "90"]
[EventDate "2013.09.06"]
[EventType "swiss"]
[EventRounds "6"]
[EventCountry "BRA"]
[SourceTitle "CBM 156 Extra"]
[Source "ChessBase"]
[SourceDate "2013.10.22"]
[SourceVersion "1"]
[SourceVersionDate "2013.10.22"]
[SourceQuality "1"]

1. e4 c5 2. Nf3 g6 3. Bc4 Bg7 4. c3 e6 5. d4 cxd4 6. cxd4 d5 7. exd5 exd5 8. Qe2+ Ne7 9. Bb5+ Nbc6 10. 0-0 0-0 11. Rd1 Bf5 12. Be3 a6 13. Bd3 Rc8 14. Nc3 Bg4 15. h3 Bxf3 16. Qxf3 Nxd4 17. Qg4 Ndc6 18. Rd2 Qa5 19. Rc1 d4 20. Qe2 dxe3 21. Qxe3 Nf5 22. Bxf5 Qxf5 23. Qb6 Bh6 24. Rd5 Qf4 25. Rcd1 Qc7 26. Qc5 Ne7 27. Qxc7 Rxc7 28. R5d3 Bg7 29. Ne4 f5 30. Ng5 Rfc8 31. Rd8+ Bf8 32. Ne6 Rxd8 33. Rxd8 Rc8 34. Rd7 Rc6 35. Nd8 Rc1+ 36. Kh2 b5 37. Ra7 Rc2 38. Ne6 Kf7 39. Ng5+ Kg7 40. Ne6+ Kg8 41. Rxa6 h6 42. Rb6 Nd5 43. Rxb5 Nc7 44. Nxc7 Bd6+ 45. Kg1 Rc1# 0-1

[Event "Sao Paulo IRT op 3rd"]
[Site "Sao Paulo"]
[Date "2013.09.06"]
[Round "1"]
[White "Strazzer, Eduardo"]
[Black "Poeta, Caio Medeiros"]
[Result "0-1"]
[WhiteElo "1302"]
[BlackElo "1955"]
[PlyCount "50"]
[EventDate "2013.09.06"]
[EventType "swiss"]
[EventRounds "6"]
[EventCountry "BRA"]
[SourceTitle "CBM 156 Extra"]
[Source "ChessBase"]
[SourceDate "2013.10.22"]
[SourceVersion "1"]
[SourceVersionDate "2013.10.22"]
[SourceQuality "1"]

1. d4 Nf6 2. c4 e6 3. a3 b6 4. Nc3 Bb7 5. Qc2 d5 6. b3 Be7 7. Nf3 0-0 8. Nd2 dxc4 9. b4 Qxd4 10. Bb2 Qh4 11. g3 Qh5 12. Rg1 Qxh2 13. 0-0-0 Qxg1 14. Bh3 Qxf2 15. Nde4 Qe3+ 16. Kb1 Nxe4 17. Ka2 Nf2 18. Rf1 Nxh3 19. Rf4 Nxf4 20. gxf4 a5 21. Bc1 Qxc1 22. Qxc1 axb4 23. Nb1 c5 24. Qxc4 Bd5 25. e4 Bxc4+ 0-1

[Event "Sao Paulo IRT op 3rd"]
[Site "Sao Paulo"]
[Date "2013.09.06"]
[Round "2"]
[White "Vieira, Alexandre Letizio"]
[Black "Strazzer, Eduardo"]
[Result "1-0"]
[WhiteElo "1691"]
[BlackElo "1302"]
[PlyCount "63"]
[EventDate "2013.09.06"]
[EventType "swiss"]
[EventRounds "6"]
[EventCountry "BRA"]
[SourceTitle "CBM 156 Extra"]
[Source "ChessBase"]
[SourceDate "2013.10.22"]
[SourceVersion "1"]
[SourceVersionDate "2013.10.22"]
[SourceQuality "1"]

1. e4 b6 2. d4 c6 3. Nc3 Bb7 4. Nf3 d6 5. Bc4 Nd7 6. 0-0 e6 7. Re1 Qc7 8. Bg5 f6 9. Bf4 Ne7 10. Bxe6 h5 11. h4 g6 12. e5 fxe5 13. dxe5 dxe5 14. Nxe5 Nxe5 15. Bxe5 Qd8 16. Bxh8 b5 17. Qf3 Nf5 18. Bxf5+ Be7 19. Bxg6+ Kd7 20. Rad1+ Bd6 21. Be5 Kc7 22. Bxd6+ Qxd6 23. Qf7+ Kb6 24. Rxd6 Rc8 25. Nd5+ Kc5 26. Qxb7 Kxd6 27. Qxc8 Kxd5 28. Be4+ Kc4 29. Qxc6+ Kb4 30. c3+ Ka5 31. b4+ Ka4 32. Qa6# 1-0

[Event "Mogi das Cruzes op 08"]
[Site "Mogi das Cruzes"]
[Date "2013.08.17"]
[Round "4"]
[White "Strazzer, Eduardo"]
[Black "Chaves, Vagner"]
[Result "0-1"]
[WhiteElo "1705"]
[BlackElo "1673"]
[PlyCount "100"]
[EventDate "2013.08.16"]
[EventType "swiss"]
[EventRounds "6"]
[EventCountry "BRA"]
[SourceTitle "CBM 155 Extra"]
[Source "ChessBase"]
[SourceDate "2013.08.26"]
[SourceVersion "1"]
[SourceVersionDate "2013.08.26"]
[SourceQuality "1"]

1. d4 d5 2. c4 c6 3. Nc3 Nf6 4. Qc2 e6 5. Nf3 Be7 6. e4 dxe4 7. Nxe4 Nbd7 8. Bf4 Nxe4 9. Qxe4 Qa5+ 10. Bd2 Qb6 11. b3 Nf6 12. Qf4 Bb4 13. c5 Bxd2+ 14. Qxd2 Qd8 15. Bc4 Nd5 16. 0-0 Qf6 17. Qg5 Qxg5 18. Nxg5 0-0 19. Ne4 b5 20. Bd3 a5 21. a3 a4 22. b4 Rd8 23. Rfd1 Nf4 24. Bc2 Ne2+ 25. Kf1 Nxd4 26. Bd3 e5 27. Nd6 Be6 28. Rab1 f5 29. f3 Nb3 30. Bxf5 Bxf5 31. Nxf5 Nd2+ 32. Rxd2 Rxd2 33. Ne7+ Kf7 34. Nxc6 Ke6 35. Re1 Rd5 36. f4 Rf8 37. g3 g5 38. Re4 gxf4 39. g4 Rc8 40. Na7 Rb8 41. c6 Kd6 42. Re2 Ra8 43. Nxb5+ Rxb5 44. Kg2 Rc8 45. Kh3 Rxc6 46. Kh4 Rc3 47. Ra2 e4 48. h3 e3 49. g5 f3 50. Kh5 e2 0-1

[Event "Mogi das Cruzes op 08"]
[Site "Mogi das Cruzes"]
[Date "2013.08.16"]
[Round "1"]
[White "Cirilo, Guilherme de Araujo"]
[Black "Strazzer, Eduardo"]
[Result "1-0"]
[WhiteElo "1898"]
[BlackElo "1705"]
[PlyCount "83"]
[EventDate "2013.08.16"]
[EventType "swiss"]
[EventRounds "6"]
[EventCountry "BRA"]
[SourceTitle "CBM 155 Extra"]
[Source "ChessBase"]
[SourceDate "2013.08.26"]
[SourceVersion "1"]
[SourceVersionDate "2013.08.26"]
[SourceQuality "1"]

1. b3 d5 2. Bb2 c5 3. e3 Nc6 4. f4 Qc7 5. Nf3 f6 6. Bb5 e6 7. 0-0 Bd6 8. d3 Bd7 9. Nbd2 0-0-0 10. a3 Nge7 11. c4 e5 12. fxe5 fxe5 13. cxd5 Nxd5 14. Nc4 a6 15. Bxc6 Bxc6 16. e4 Nf4 17. Nxd6+ Qxd6 18. Bxe5 Qh6 19. Nd4 Nh3+ 20. gxh3 Qg5+ 21. Qg4+ Qxg4+ 22. hxg4 cxd4 23. Rf7 Rd7 24. Raf1 Bb5 25. R7f3 Re8 26. Bg3 a5 27. Rc1+ Bc6 28. b4 b6 29. Rxc6+ Kb7 30. b5 a4 31. Rf2 Rc8 32. Rc4 g6 33. Rfc2 Rcd8 34. Rxa4 Rf7 35. Kg2 Rdf8 36. Rxd4 Rc8 37. Rxc8 Kxc8 38. Rc4+ Kd8 39. Bc7+ Rxc7 40. Rxc7 Kxc7 41. e5 Kd7 42. Kf3 1-0

[Event "Sao Bernardo do Campo LXSBC op 4th"]
[Site "Sao Bernardo do Campo"]
[Date "2012.07.14"]
[Round "4"]
[White "Assef, Nathaly Regina Reis"]
[Black "Strazzer, Eduardo"]
[Result "1/2-1/2"]
[WhiteElo "1486"]
[BlackElo "1800"]
[PlyCount "66"]
[EventDate "2012.07.13"]
[EventType "swiss"]
[EventRounds "6"]
[EventCountry "BRA"]
[SourceTitle "CBM 149 Extra"]
[Source "ChessBase"]
[SourceDate "2012.08.24"]
[SourceVersion "1"]
[SourceVersionDate "2012.08.24"]
[SourceQuality "1"]

1. d4 d5 2. c4 c5 3. cxd5 cxd4 4. Qxd4 e6 5. Nc3 b6 6. Nf3 Bc5 7. Qxg7 Qf6 8. Qxf6 Nxf6 9. dxe6 Bxe6 10. Bh6 Ng4 11. Be3 Nxe3 12. fxe3 Bxe3 13. g3 Nc6 14. Bg2 0-0-0 15. a3 Rhe8 16. Nd1 Bc4 17. Rf1 Bd2+ 18. Kf2 Bxe2 19. Rh1 Bxf3 20. Bxf3 Nd4 21. Bg4+ f5 22. Bh5 Re5 23. Kg2 f4 24. Bg4+ Kb8 25. Nf2 Rd6 26. gxf4 Bxf4 27. h3 Rg6 28. Nd3 Re2+ 29. Kf1 Re4 30. Bh5 Rf6 31. Kg2 Rf5 32. Bg4 Rg5 33. Kf1 Nc2 1/2-1/2

[Event "Sao Bernardo do Campo LXSBC op 4th"]
[Site "Sao Bernardo do Campo"]
[Date "2012.07.14"]
[Round "3"]
[White "Strazzer, Eduardo"]
[Black "De Souza, Eduardo Pereira"]
[Result "1-0"]
[WhiteElo "1800"]
[BlackElo "1800"]
[PlyCount "79"]
[EventDate "2012.07.13"]
[EventType "swiss"]
[EventRounds "6"]
[EventCountry "BRA"]
[SourceTitle "CBM 149 Extra"]
[Source "ChessBase"]
[SourceDate "2012.08.24"]
[SourceVersion "1"]
[SourceVersionDate "2012.08.24"]
[SourceQuality "1"]

1. d4 d5 2. c4 Nf6 3. Nc3 e6 4. e3 Bb4 5. Qc2 0-0 6. Bd3 Ne4 7. Nge2 Qh4 8. 0-0 Bd6 9. h3 e5 10. Nxe4 dxe4 11. Bxe4 f5 12. Bd5+ Kh8 13. c5 f4 14. cxd6 f3 15. Bxf3 Bxh3 16. Ng3 Bd7 17. Qe4 Qxe4 18. Bxe4 c6 19. dxe5 Na6 20. b3 Nc5 21. Bc2 Rae8 22. Bb2 a5 23. f4 b5 24. f5 Rb8 25. e6 a4 26. exd7 Nxd7 27. Nh5 Nf6 28. Nxf6 gxf6 29. e4 Kg7 30. e5 fxe5 31. Bxe5+ Kh6 32. g4 a3 33. Kf2 Kg5 34. Kg3 Rbe8 35. Rae1 h5 36. f6 h4+ 37. Kh3 Rg8 38. Rf5+ Kg6 39. Rh5+ Kf7 40. Rh7+ 1-0

[Event "Mogi das Cruzes op 06"]
[Site "Mogi das Cruzes"]
[Date "2012.06.23"]
[Round "3"]
[White "Kurita, Rubens Massami"]
[Black "Strazzer, Eduardo"]
[Result "1-0"]
[WhiteElo "1800"]
[BlackElo "1800"]
[PlyCount "73"]
[EventDate "2012.06.22"]
[EventType "swiss"]
[EventRounds "6"]
[EventCountry "BRA"]
[SourceTitle "CBM 149 Extra"]
[Source "ChessBase"]
[SourceDate "2012.08.24"]
[SourceVersion "1"]
[SourceVersionDate "2012.08.24"]
[SourceQuality "1"]

1. e4 e5 2. Nf3 Qe7 3. Nc3 g6 4. d4 exd4 5. Qxd4 f6 6. Bc4 Nc6 7. Qd1 a6 8. a4 b6 9. 0-0 Bb7 10. Nd5 Qd8 11. Bf4 Rc8 12. Re1 d6 13. Qe2 Bh6 14. Bg3 Nge7 15. Nxf6+ Kf8 16. e5 d5 17. Rad1 d4 18. c3 Nf5 19. Nd5 Na5 20. Nf4 Nxg3 21. fxg3 c5 22. Ne6+ Ke7 23. Nxd8 Be3+ 24. Kh1 Rcxd8 25. Bxa6 Be4 26. Bd3 Bc6 27. b4 Nb7 28. b5 Bd7 29. cxd4 cxd4 30. Bc4 Bf5 31. Nh4 Rhf8 32. Nxf5+ Rxf5 33. Qg4 Rdf8 34. Qh4+ Kd7 35. Rxe3 Ke8 36. Ree1 Nc5 37. Qxd4 1-0

[Event "Mogi das Cruzes op 06"]
[Site "Mogi das Cruzes"]
[Date "2012.06.22"]
[Round "2"]
[White "Strazzer, Eduardo"]
[Black "Tamarozi, Isabelle"]
[Result "0-1"]
[WhiteElo "1800"]
[BlackElo "1675"]
[PlyCount "66"]
[EventDate "2012.06.22"]
[EventType "swiss"]
[EventRounds "6"]
[EventCountry "BRA"]
[SourceTitle "CBM 149 Extra"]
[Source "ChessBase"]
[SourceDate "2012.08.24"]
[SourceVersion "1"]
[SourceVersionDate "2012.08.24"]
[SourceQuality "1"]

1. d4 Nf6 2. Nc3 g6 3. e4 d6 4. h3 Bg7 5. Nf3 0-0 6. Bd3 Nbd7 7. a3 c5 8. Ne2 cxd4 9. Nexd4 Nc5 10. Qe2 Re8 11. b4 Nxd3+ 12. Qxd3 e5 13. Nb5 d5 14. Nc3 dxe4 15. Qxd8 Rxd8 16. Nxe5 Re8 17. Nc4 Rd8 18. Bg5 h6 19. Bd2 Nd5 20. Nxd5 Bxa1 21. Nc7 Rb8 22. c3 Bf5 23. 0-0 Rbc8 24. Bf4 Bxc3 25. Ne3 Bd7 26. Ned5 Bb5 27. Ne7+ Kf8 28. Nxc8 Bxf1 29. Bxh6+ Bg7 30. Bxg7+ Kxg7 31. Nxa7 Rd1 32. Kh2 Rd3 33. a4 Rd4 0-1